[Event "Asian Online (Women)"]
[Site "Tornelo INT"]
[Date "2021.08.25"]
[Round "8"]
[White "Nur Abidah, Shanti"]
[Black "Mahalakshmi, Muganda Kumar"]
[Result "1-0"]
[WhiteElo "1986"]
[BlackElo "2253"]
[PlyCount "75"]
[EventDate "2021.08.23"]
[EventType "swiss (rapid)"]
[EventRounds "9"]
[EventCountry "NET"]
[SourceTitle "CBM 204 Extra"]
[Source "ChessBase"]
[SourceDate "2021.11.30"]
[SourceVersion "1"]
[SourceVersionDate "2021.11.30"]
[SourceQuality "1"]

1. e4 c6 2. d4 d5 3. Nc3 dxe4 4. Nxe4 Nf6 5. Nxf6+ exf6 6. Nf3 Na6 7. c3 Nc7 8. Bd3 Bd6 9. 0-0 0-0 10. h3 b5 11. a4 a6 12. Re1 Be6 13. Qc2 h6 14. Nh4 Re8 15. Bd2 Nd5 16. Nf5 Bf4 17. axb5 axb5 18. Ng3 Rxa1 19. Rxa1 Qc7 20. Bxf4 Nxf4 21. Be4 Qd7 22. Qd2 g5 23. Re1 Rd8 24. Qe3 Ra8 25. Qf3 Ra6 26. Nh5 Nxh5 27. Qxh5 Kg7 28. f4 Ra2 29. fxg5 fxg5 30. Qe2 Bf5 31. Bf3 Be6 32. Qe5+ Kg8 33. Qf6 Rxb2 34. Qxh6 Qd8 35. Be4 Qe7 36. Bh7+ Kh8 37. Bg6+ Kg8 38. Qh7+ 1-0

[Event "Titled Tuesday intern op 27th July"]
[Site "Chess.com INT"]
[Date "2021.07.27"]
[Round "5"]
[White "Ginzburg, Yakov"]
[Black "Mahalakshmi, Muganda Kumar"]
[Result "1-0"]
[WhiteElo "2405"]
[BlackElo "2253"]
[PlyCount "29"]
[EventDate "2021.07.27"]
[EventType "swiss (blitz)"]
[EventRounds "11"]
[EventCountry "USA"]
[SourceTitle "CBM 203 Extra"]
[Source "ChessBase"]
[SourceDate "2021.09.30"]
[SourceVersion "1"]
[SourceVersionDate "2021.09.30"]
[SourceQuality "1"]

1. e4 g6 2. h4 c5 3. h5 Bg7 4. Bc4 Nc6 5. Nf3 d6 6. d3 e6 7. h6 Bf6 8. Nc3 a6 9. a4 Nge7 10. Bg5 Bxg5 11. Nxg5 d5 12. exd5 Nxd5 13. Nge4 Nxc3 14. bxc3 Qg5 15. Nxg5 1-0

[Event "Speed Chess (Women) Q2"]
[Site "Chess.com INT"]
[Date "2021.05.29"]
[Round "8"]
[White "Eswaran, Ashritha"]
[Black "Mahalakshmi, Muganda Kumar"]
[Result "1-0"]
[WhiteElo "2244"]
[BlackElo "2253"]
[PlyCount "125"]
[EventDate "2021.05.29"]
[EventType "swiss (blitz)"]
[EventRounds "13"]
[EventCountry "USA"]
[SourceTitle "CBM 202 Extra"]
[Source "ChessBase"]
[SourceDate "2021.07.31"]
[SourceVersion "1"]
[SourceVersionDate "2021.07.31"]
[SourceQuality "1"]

1. e4 c6 2. d4 d5 3. Nc3 dxe4 4. Nxe4 Nf6 5. Nxf6+ exf6 6. c3 Bd6 7. Bd3 0-0 8. Qc2 Re8+ 9. Ne2 h5 10. Be3 Nd7 11. 0-0-0 Nf8 12. Kb1 b5 13. h3 a5 14. g4 h4 15. Rhg1 Ne6 16. d5 cxd5 17. Bxb5 Bd7 18. Bxd7 Qxd7 19. Rxd5 Qc6 20. Rgd1 Bc5 21. Bxc5 Nxc5 22. g5 fxg5 23. Rxg5 Qe4 24. Nd4 Qxc2+ 25. Kxc2 Ne4 26. Rf5 Rad8 27. Rg1 g6 28. Rf4 a4 29. Rg2 Rd5 30. Rxh4 Rde5 31. f4 R5e7 32. f5 g5 33. Rxe4 Rxe4 34. Rxg5+ Kf8 35. b3 Rh4 36. Rg3 Ke7 37. bxa4 Kf6 38. Kb3 Rb8+ 39. Nb5 Kxf5 40. Rd3 Ra8 41. Rf3+ Ke4 42. Rxf7 Rxh3 43. Rd7 Rh5 44. c4 Rh3+ 45. Kb4 Rh2 46. Nc3+ Ke3 47. a5 Rb2+ 48. Ka4 Rc2 49. Kb3 Rc1 50. Nd5+ Ke2 51. Kb4 Rb1+ 52. Ka4 Rb2 53. a3 Rc2 54. Nb6 Ra6 55. Kb5 Ra8 56. Nxa8 Rb2+ 57. Ka6 Ra2 58. c5 Rxa3 59. c6 Rc3 60. c7 Ke3 61. Rd8 Rc4 62. c8Q Rxc8 63. Rxc8 1-0

[Event "Speed Chess (Women) Q2"]
[Site "Chess.com INT"]
[Date "2021.05.29"]
[Round "3"]
[White "Mahalakshmi, Muganda Kumar"]
[Black "Chu, Ruotong"]
[Result "1-0"]
[WhiteElo "2253"]
[BlackElo "2207"]
[PlyCount "65"]
[EventDate "2021.05.29"]
[EventType "swiss (blitz)"]
[EventRounds "13"]
[EventCountry "USA"]
[SourceTitle "CBM 202 Extra"]
[Source "ChessBase"]
[SourceDate "2021.07.31"]
[SourceVersion "1"]
[SourceVersionDate "2021.07.31"]
[SourceQuality "1"]

1. d4 d5 2. c4 dxc4 3. e3 Nf6 4. Bxc4 e6 5. Nf3 a6 6. 0-0 c5 7. Bb3 Nc6 8. Nc3 Be7 9. dxc5 Qxd1 10. Rxd1 Bxc5 11. Na4 Ba7 12. Bd2 Ne4 13. Be1 0-0 14. Rac1 Rd8 15. Rxd8+ Nxd8 16. Ne5 b5 17. Nc3 Nc5 18. Bc2 f6 19. Nd3 Ndb7 20. Nxc5 Nxc5 21. Ne4 Nxe4 22. Bxe4 Rb8 23. Rc7 Bb6 24. Rc6 Kf7 25. Bb4 a5 26. Bd6 Rb7 27. Rxc8 Rd7 28. Rc6 Bd8 29. g3 f5 30. Bf3 Bf6 31. b3 g5 32. Rc7 Ke8 33. Bc6 1-0

[Event "Speed Chess (Women) Q2"]
[Site "Chess.com INT"]
[Date "2021.05.29"]
[Round "10"]
[White "Mahalakshmi, Muganda Kumar"]
[Black "Perez Rodriguez, Jennifer"]
[Result "0-1"]
[WhiteElo "2253"]
[BlackElo "2251"]
[PlyCount "84"]
[EventDate "2021.05.29"]
[EventType "swiss (blitz)"]
[EventRounds "13"]
[EventCountry "USA"]
[SourceTitle "CBM 202 Extra"]
[Source "ChessBase"]
[SourceDate "2021.07.31"]
[SourceVersion "1"]
[SourceVersionDate "2021.07.31"]
[SourceQuality "1"]

1. d4 Nf6 2. Nc3 d5 3. Bf4 c6 4. e3 Bf5 5. Bd3 Bxd3 6. Qxd3 e6 7. Nf3 Nbd7 8. 0-0 Be7 9. Rad1 0-0 10. e4 dxe4 11. Nxe4 Nxe4 12. Qxe4 Nf6 13. Qe2 Qa5 14. a3 Rfd8 15. h3 Rac8 16. Ne5 Qb6 17. c3 c5 18. Be3 cxd4 19. Bxd4 Bc5 20. Bxc5 Qxc5 21. Rxd8+ Rxd8 22. Rd1 Rd5 23. Ng4 Nxg4 24. Qxg4 h6 25. Qe2 Qd6 26. Rxd5 Qxd5 27. c4 Qd4 28. Qc2 e5 29. c5 e4 30. Qc1 f5 31. b4 a6 32. Qb1 f4 33. Qb3+ Kh7 34. Qf7 Qa1+ 35. Kh2 Qe5 36. Kg1 e3 37. fxe3 fxe3 38. Kf1 Qe4 39. Ke1 Qd3 40. g4 Qd2+ 41. Kf1 e2+ 42. Kg1 e1Q+ 0-1